Boletín de la Biblioteca Nacional : enero a junio de 1964 /
Las bibliotecas son el principal estudio de esta publicación periódica, sin embargo, también se dedica a hacer estudios bibliográficos de algunos temas y personajes históricos destacados.
保存先:
| その他の著者: | |
|---|---|
| フォーマット: | 図書 |
| 言語: | スペイン語 |
| 出版事項: |
México :
UNAM : Biblioteca Nacional de México,
1964, c1964
|
| 主題: | |
| タグ: |
タグなし, このレコードへの初めてのタグを付けませんか!
|
MARC
| LEADER | 00000nam^a2200000^a^4500 | ||
|---|---|---|---|
| 001 | 000115163 | ||
| 005 | 20250521000000.0 | ||
| 009 | 20260310094046.267 | ||
| 037 | |a Acervo ITESO - Biblioteca | ||
| 041 | |a ESP | ||
| 082 | |a 020. 5 |b BOL 1964 V. 1-2 | ||
| 240 | 1 | 1 | |a [Boletín de la Biblioteca Nacional] |
| 245 | 1 | 0 | |a Boletín de la Biblioteca Nacional : |b enero a junio de 1964 / |c Dir. de M. Alcalá. |
| 264 | 4 | |a México : |b UNAM : |b Biblioteca Nacional de México, |c 1964, c1964 | |
| 300 | |a 136 p. | ||
| 336 | |a texto |b txt |2 rdacontenido | ||
| 337 | |a sin mediación |b n |2 rdamedio | ||
| 338 | |a volumen |b nc |2 rdasoporte | ||
| 520 | |a Las bibliotecas son el principal estudio de esta publicación periódica, sin embargo, también se dedica a hacer estudios bibliográficos de algunos temas y personajes históricos destacados. | ||
| 649 | |a XX | ||
| 650 | |a Biblioteconomía - |x Publicaciones Periódicas Mexicanas | ||
| 650 | |a Imprenta - |z San Luis Potosí - |x Historia - |y Siglo XIX | ||
| 650 | |a Imprenta - |z México - |x Historia - |y Siglo XIX | ||
| 650 | |a Publicaciones Periódicas Mexicanas - |x Indices | ||
| 650 | |a Escritores Mexicanos - |x Biografías | ||
| 650 | |a Literatura Mexicana - |y Siglo XIX | ||
| 650 | |a Literatura Mexicana - |y Siglo XX | ||
| 600 | |a Urbina, Luis G. | ||
| 700 | |a Alcalá, Manuel |e (dirección) | ||
| 910 | |a Fondo Salvador Reynoso Reynoso | ||
| 920 | |a Impresos - Libros | ||
| 930 | |a Fondos Especiales | ||
| 905 | |a 112 | ||
| 901 | |a 0800002891 |b IT2 |c ESP |u 20250521 | ||
| 902 | |a https://opac.biblio.iteso.mx/vufind/Record/000115163 | ||